00890nam a2200217 a 450000100100000000500170001000800410002702000150006804000250008308200150010810000420012324501410016526000330030630000200033949000580035950000570041750000690047450400310054371000400057483000580061400002221920210910112133.0100920s2000 dr 000 0 spa d a9993401005 aDO-SdBNPbspacBNPHU axxxbR173d1 aRamírez Morillo, Belarminio,d1964-14aLos distritos electorales :blas consecuencias políticas de su aplicación en República Dominicana /cBelarminio Ramírez Morillo. aSanto Domingo :bIFP,c2000. a95 P. ;c22 cm.1 aPublicaciones del Instituto de Formación Política aIncluye datos biográficos del autor en las solapas aIncluye notas al pie de páginas y referencias bibliográficas aBibliografías : p. 93-952 aInstituto de Formación Política 0aPublicaciones del Instituto de Formación Política